|
|
|
|
| LEADER |
00000cam a2200000 a 4500 |
| 001 |
vtls008375825 |
| 003 |
SK-MaSNL |
| 005 |
20260301123444.0 |
| 008 |
181109s1954 xo slo |
| 015 |
|
|
|a SKSNBA19451955-004460
|
| 035 |
|
|
|a SK01SNKBKSFS20010068042
|
| 035 |
|
|
|a SKM000070505
|
| 040 |
|
|
|a SNK
|b slo
|c SNK
|e AACR2
|
| 041 |
1 |
|
|a slo
|h rus
|
| 044 |
|
|
|a xo
|c SK
|
| 080 |
|
|
|a 549
|2 2001
|
| 100 |
1 |
|
|a Isakov, P.M.
|4 aut
|9 470437
|
| 245 |
1 |
0 |
|a Kvalitatívna analýza rúd a nerastov metodou roztierania práškov
|c P.M. Isakov ; [z rus. orig.] prel. Milan Žuffa
|
| 260 |
|
|
|a Bratislava
|b ŠNTL
|c 1954
|e Brno
|f Brněnská knihtisk.
|
| 300 |
|
|
|a 95, [1] s.
|c 8°
|
| 490 |
0 |
|
|a Edícia chemickej literatúry
|
| 563 |
|
|
|a 1.200 výtlač.
|
| 650 |
0 |
7 |
|a nerasty
|x analýzy kvalitatívne
|2 SNK
|9 470438
|
| 650 |
0 |
7 |
|a rudy
|x analýzy kvalitatívne
|2 SNK
|9 470439
|
| 655 |
|
7 |
|a knihy
|2 SNKPH
|9 307098
|
| 700 |
1 |
|
|a Žuffa, Milan,
|d 1927-2014
|4 trl
|9 229626
|
| 830 |
|
0 |
|a Edícia chemickej literatúry
|9 276844
|
| 958 |
|
|
|a OND
|
| 958 |
|
|
|a RK
|
| 958 |
|
|
|a TL
|
| 999 |
|
|
|c 736285
|d 738215
|
| 952 |
|
|
|a SNK
|b SNK
|y VYP
|7 0
|p 17A0532977
|o snkSD 38781 D1
|i snkD 491/71
|8 1
|3 rekatalogizácia
|0 0
|1 0
|4 0
|d 2006-12-19
|l 0
|r 2026-02-23 22:44:56
|w 2026-02-23
|
| 952 |
|
|
|a SNK
|b SNK
|y PREZ
|7 0
|p 17A0900271
|o snkSD 38781
|0 0
|1 0
|4 0
|d 2013-08-13
|l 0
|r 2026-02-23 22:44:56
|w 2026-02-23
|